Calciatori della Juventus nella Squadra dell'anno UEFA - Statistics

Statistiche generali
  • Questo quiz è stato fatto 131 volte
  • Il punteggio medio è 11 su 13
Statistiche sulle risposte
Numero apparizioni Edizioni apparizioni Nazione Calciatore % Corretto
3 2018, 2019; 2020 Portogallo Cristiano Ronaldo
98%
5 2003; 2004; 2006; 2016; 2017 Italia Gianluigi Buffon
97%
3 2003; 2004; 2005 Repubblica Ceca Pavel Nedvěd
94%
1 2017 Italia Giorgio Chiellini
93%
1 2016 Italia Leonardo Bonucci
91%
1 2015 Francia Paul Pogba
91%
1 2001 Francia Zinédine Zidane
91%
1 2006 Italia Fabio Cannavaro
90%
1 2019 Paesi Bassi Matthijs de Ligt
87%
1 2012 Italia Andrea Pirlo
80%
1 2001 Francia David Trezeguet
75%
1 2017 Brasile Dani Alves
73%
1 2006 Italia Gianluca Zambrotta
55%
Nessun quiz corrispondente trovato
Distribuzione punteggi
Percentuale di utenti per punteggio
Percentile per numero di risposta
I tuoi punteggi nel tempo
Non hai fatto questo quiz